000 00576nam a22001697a 4500
005 20260406210255.0
008 210429s2008 pe ||||| |||| 00| 0 spa d
040 _aCENDOC
_bspa
_cCAAAP
041 _aspa
050 _aFP 376
_b.S21
245 1 _aLa controversia limitrofe entre el Peru y el Ecuador :
_bCumplimiento y ejecución de la Real Cedula de 15 de Julio de 1802
250 _a1ra edición
260 _aLima, Perú :
_bImprenta GIL. S.A,
_c1938.
300 _a42 páginas ;
_c22x18 cm.
650 0 _93369
_aPeruanos
_zEcuador
_vLimites
942 _2lcc
_cBK
_bDD - MM - AA
999 _c4506
_d4506